|
|
|
|
| LEADER |
01164nam a2200181 a 4500 |
| 008 |
100725s2005 bg 000 0 ben |
| 040 |
|
|
|a BD-DhAAL
|c BD-DhAAL
|d BD-DhAAL
|
| 082 |
0 |
0 |
|a 079.095492
|2 22
|
| 245 |
1 |
0 |
|a জাতীয় প্রেক্ষপটে সাংবাদিকদের নিরাপত্তা কার্যকারণ অনুসন্ধান :
|b প্রেক্ষাপট বাংলাদেশ /
|c খান মোহাম্মদ রবিউল আলম ও নীনা শামসুন নাহার,সম্পাদনা
|
| 260 |
|
|
|a ঢাকা :
|b ম্যাস লাইন মিডিয়া সেন্টার,
|c ২০০৫
|
| 300 |
|
|
|a ৬৪ পৃ. ;
|c ২২ সে.মি.
|
| 541 |
1 |
|
|e 00020082
|
| 700 |
1 |
0 |
|a রবিউল আলম,খান মোহাম্মদ.
|
| 700 |
1 |
0 |
|a নাহার,নীনা শামসুন.
|
| 650 |
|
0 |
|a Journalism
|z Bangladesh
|
| 852 |
4 |
|
|a Ayesha Abed Library
|j General shelf
|
| 999 |
|
|
|c 9476
|d 9476
|
| 952 |
|
|
|0 0
|1 0
|2 ddc
|4 0
|6 079_095492000000000_JAT_2005
|7 0
|9 12027
|a BRACUL
|b BRACUL
|c GEN
|d 2010-09-23
|l 0
|o 079.095492 JAT
|p 3010020082
|r 2010-09-23
|t 1
|w 2010-09-23
|y BK
|